书目信息 |
| 题名: |
玻璃城堡
|
|
| 作者: | 王晖 著 | |
| 分册: | ||
| 出版信息: | 北京 中国文联出版公司 2005 |
|
| 页数: | 213页 | |
| 开本: | 20cm | |
| 丛书名: | ||
| 单 册: | ||
| 中图分类: | I247.5 | |
| 科图分类: | ||
| 主题词: | 长篇小说--中国--当代 | |
| 电子资源: | ||
| ISBN: | 7-5059-5075-4 | |
| 000 | 00729nam0 22002297 450 | |
| 001 | 192004001765 | |
| 005 | 20070914102730.17 | |
| 010 | @a7-5059-5075-4@dCNY16.80 | |
| 100 | @a20070531d2005 ekmy0chiy0121 ea | |
| 101 | 0 | @achi |
| 102 | @aCN@b110000 | |
| 105 | @ay z 000ay | |
| 200 | 1 | @a玻璃城堡@Abo li cheng bao@f王晖著 |
| 210 | @a北京@c中国文联出版公司@d2005 | |
| 215 | @a213页@d20cm | |
| 300 | @a一首忧伤的青春恋曲 | |
| 330 | @a本书是一本中国当代长篇小说,本书介绍的是一个忧伤的青春爱情小说。本书中的女主角为了心爱的他一直读在守候,一直读在等待中期盼。但是结果却是特别忧伤。 | |
| 606 | 0 | @a长篇小说@y中国@z当代 |
| 690 | @aI247.5@v4 | |
| 701 | 0 | @a王晖@Awang hui@4著 |
| 801 | 0 | @aCN@c20070914 |
| 905 | @dI247.5@eW2132 | |
| 玻璃城堡/王晖著.-北京:中国文联出版公司,2005 |
| 213页;20cm |
| 一首忧伤的青春恋曲 |
| ISBN 7-5059-5075-4:CNY16.80 |
| 本书是一本中国当代长篇小说,本书介绍的是一个忧伤的青春爱情小说。本书中的女主角为了心爱的他一直读在守候,一直读在等待中期盼。但是结果却是特别忧伤。 |
| ● |
| 相关链接 |
|
|
|
正题名:玻璃城堡
索取号:I247.5/W2132
 
预约/预借
| 序号 | 登录号 | 条形码 | 馆藏地/架位号 | 状态 | 备注 |
| 1 | 623141 | 206231415 | 社科二线422/422社科库 8排2列3层/ [索取号:I247.5/W2132] | 在馆 | |
| 2 | 623142 | 206231424 | 社科二线422/422社科库 8排2列3层/ [索取号:I247.5/W2132] | 在馆 | |
| 3 | 623143 | 206231433 | 社科二线422/422社科库 8排2列3层/ [索取号:I247.5/W2132] | 在馆 |